Sveriges landskap - Statistics

General Stats
  • This quiz has been taken 3 449 times
  • The average score is 18 of 25
Answer Stats
Answer % Correct
Skåne
94%
Dalarna
86%
Lappland
86%
Norrbotten
85%
Småland
85%
Blekinge
82%
Uppland
82%
Västerbotten
81%
Gotland
79%
Södermanland
79%
Halland
78%
Närke
78%
Östergötland
76%
Öland
74%
Värmland
73%
Västergötland
73%
Bohuslän
69%
Medelpad
69%
Jämtland
68%
Gästrikland
61%
Dalsland
59%
Ångermanland
58%
Härjedalen
58%
Västmanland
56%
Hälsingland
55%
No matching quizzes found
Score Distribution
Percent of People with Each Score
Percentile by Number Answered
Your Score History
You have not taken this quiz